Statistics for The 56 Countries That Have the Death Penalty

Click here to take the quiz!

General Stats

  • This quiz has been taken 252 times
  • The average score is 40 of 56

Answer Stats

Country% Correct
United States of America
95%
China
94%
Iran
92%
Iraq
92%
Pakistan
91%
India
90%
Saudi Arabia
90%
Egypt
89%
Oman
89%
Yemen
88%
Indonesia
86%
North Korea
86%
United Arab Emirates
86%
Libya
85%
Qatar
85%
Japan
84%
Kuwait
83%
Sudan
83%
Syria
83%
Afghanistan
82%
Nigeria
82%
South Sudan
81%
Vietnam
81%
Somalia
80%
Bahrain
79%
Jordan
79%
Democratic Republic of the Congo
78%
Malaysia
78%
Singapore
78%
Thailand
78%
Chad
74%
Bangladesh
73%
Lebanon
72%
Ethiopia
69%
Cuba
67%
Uganda
67%
Taiwan
66%
Zimbabwe
63%
Belarus
59%
Barbados
54%
Dominica
54%
Saint Kitts and Nevis
54%
Saint Lucia
53%
Saint Vincent and the Grenadines
52%
Antigua and Barbuda
51%
Botswana
51%
Jamaica
51%
Trinidad and Tobago
51%
Lesotho
50%
Bahamas
48%
Gambia
46%
Guatemala
45%
Comoros
44%
Belize
43%
Guyana
40%
Equatorial Guinea
37%

Score Distribution

Percentile by Number Answered

Percent of People with Each Score

Your Score History

You have not taken this quiz